000 00283nam a22001337a 4500
008 180914b xxu||||| |||| 00| 0 eng d
020 _a0810461161
041 _aeng
080 _a821
100 _a21
101 _aGJL
245 _aTelling Writing
_cMacrorie, K
942 _2udc
_cBK
999 _c47785
_d47785